Normal view
MARC view
Entry Topical Term
001 - CONTROL NUMBER
- control field: 30847
003 - CONTROL NUMBER IDENTIFIER
- control field: OSt
005 - DATE AND TIME OF LATEST TRANSACTION
- control field: 20260623152240.0
008 - FIXED-LENGTH DATA ELEMENTS
- fixed length control field: 260623|| aca||aabn | a|a d
040 ## - CATALOGING SOURCE
- Original cataloging agency: OSt
- Transcribing agency: OSt
150 ## - HEADING--TOPICAL TERM
- Topical term or geographic name entry element: Observation(Educational method)
670 ## - SOURCE DATA FOUND
- Source citation: Work cat.: (OSt)25050: Zepeda Sally J. 30846, The Instructional Leader's Guide to Informal Classroom Observations, 2004
